000 00531nam a2200193Ia 4500
005 20250326144951.0
008 250326s9999 xx 000 0 und d
020 _a0-415-26176-7
037 _aTextbook
040 _aFMSL
_beng
_cFMSL
041 _aeng
_2eng
084 _aX8(A):8 P2
_qFMSL
100 _aKamoche K N
_9750394
245 0 _aOrganizational improvisation
_cKamoche K N And Others
260 _aNY
_bNY, Routledge
_c2002
300 _avii,317
942 _cTB
_hX8(A):8 P2
999 _c1305842
_d1305842